MARC details
| 000 -LEADER |
| fixed length control field |
01050nam a2200229Ia 4500 |
| 003 - CONTROL NUMBER IDENTIFIER |
| control field |
IN-BaIIA |
| 008 - FIXED-LENGTH DATA ELEMENTS--GENERAL INFORMATION |
| fixed length control field |
211028s9999 xx 000 0 eng d |
| 020 ## - INTERNATIONAL STANDARD BOOK NUMBER |
| International Standard Book Number |
3-540-19125-9 |
| 040 ## - CATALOGING SOURCE |
| Transcribing agency |
IIA Library |
| 080 ## - UNIVERSAL DECIMAL CLASSIFICATION NUMBER |
| Universal Decimal Classification number |
524-48(082.2) |
| Item number |
HIG |
| 111 ## - MAIN ENTRY--MEETING NAME |
| Meeting name or jurisdiction name as entry element |
Workshop of Max-Planck-Gesellschaft and the Academic Sinica on High Energy Astrophysics, Supernovae, Remnants, Active Galaxies, Cosmology |
| Location of meeting |
Tegernsee, Germany |
| Date of meeting or treaty signing |
1987 July 12-17 |
| 9 (RLIN) |
16243 |
| 245 #0 - TITLE STATEMENT |
| Title |
High energy astrophysics |
| Remainder of title |
proceedings of second workshop of Max-Planck-Gesellschaft and the Academic Sinica on high energy astrophysics, supernovae, remnants, active galaxies, cosmology, held in Tegernsee, Germany, July 12-17,1987 |
| Statement of responsibility, etc. |
edited by G.Borner |
| 260 ## - PUBLICATION, DISTRIBUTION, ETC. |
| Place of publication, distribution, etc. |
Berlin |
| Name of publisher, distributor, etc. |
Springer-Verlag |
| Date of publication, distribution, etc. |
1988 |
| 300 ## - PHYSICAL DESCRIPTION |
| Extent |
ix, 281p. |
| 650 ## - SUBJECT ADDED ENTRY--TOPICAL TERM |
| Topical term or geographic name entry element |
Astronomy and astrophysics thesaurus |
| 650 ## - SUBJECT ADDED ENTRY--TOPICAL TERM |
| Topical term or geographic name entry element |
Galaxies |
| 9 (RLIN) |
1286 |
| 650 ## - SUBJECT ADDED ENTRY--TOPICAL TERM |
| Topical term or geographic name entry element |
High energy astrophysics |
| 9 (RLIN) |
5354 |
| 650 ## - SUBJECT ADDED ENTRY--TOPICAL TERM |
| Topical term or geographic name entry element |
Remnants |
| 9 (RLIN) |
15854 |
| 650 ## - SUBJECT ADDED ENTRY--TOPICAL TERM |
| Topical term or geographic name entry element |
Supernovae |
| 700 ## - ADDED ENTRY--PERSONAL NAME |
| Personal name |
Borner, G., ed. |
| 9 (RLIN) |
16244 |
| 942 ## - ADDED ENTRY ELEMENTS (KOHA) |
| Koha item type |
Books |